Alle Länder Afrikas (mit Karte) - Statistiken

Allgemein
  • Dieses Quiz wurde 774 mal gespielt
  • Das Durchschnittsergebnis liegt bei 41 aus 54
Antworten auf der Karte
Die Antworten werden auf der Karte rot bzw. grün angezeigt, abhängig davon wie oft sie richtig erraten wurden.
 
Antwortstatistiken
Antwort % Korrekt
Ägypten
99%
Marokko
96%
Algerien
94%
Madagaskar
94%
Südafrika
94%
Niger
92%
Tunesien
91%
Demokratische Republik Kongo
90%
Nigeria
90%
Republik Kongo
90%
Sudan
87%
Südsudan
86%
Libyen
84%
Äthiopien
83%
Elfenbeinküste
83%
Ghana
82%
Somalia
81%
Mali
80%
Senegal
80%
Angola
79%
Eritrea
79%
Kenia
79%
Namibia
79%
Tschad
78%
Zentralafrikanische Republik
77%
Lesotho
76%
Togo
76%
Guinea
75%
Kamerun
74%
Mauretanien
72%
Ruanda
72%
Tansania
72%
Botswana
71%
Gambia
71%
Mosambik
71%
Eswatini
70%
Uganda
70%
Äquatorialguinea
69%
Benin
69%
Sambia
69%
Simbabwe
68%
Guinea-Bissau
66%
Mauritius
66%
Seychellen
66%
Burkina Faso
65%
Kap Verde
65%
Dschibuti
64%
Liberia
63%
Sierra Leone
63%
Gabun
62%
Malawi
60%
Burundi
58%
Komoren
55%
São Tomé und Príncipe
55%
Keine übereinstimmenden Quizze gefunden
Verteilung der Resultate
Anzahl Personen mit jedem Resultat
Perzentil nach korrekt beantworteten Fragen
Ihre Resultats-Entwicklung
Sie haben dieses Quiz noch nicht gespielt